000 00728nam a2200241Ia 4500
003 OSt
005 20220925204808.0
006 a|||||r|||| 00| 0
007 ta
008 220923b |||||||| |||| 00| 0 eng d
037 _cGeneral Book
040 _aRTL
_cRTL
_beng
041 _2eng
_aeng
082 _aJ1.2.P06s, P7
110 _aINDIA, AGRICULTURE (M/O), NATIONAL HORTICULTURE BOARD
_9268956
245 0 _aIndian horticulture database, 2006
260 _aGurgaon
_bThe Author
_c2007
300 _ax,308p.
_ccm.
650 _aHorticulture
_9268957
700 _aINDIA, AGRICULTURE (M/O), NATIONAL HORTICULTURE BOARD
_9268958
942 _hJ1.2.P06s, P7
_cGB
_2CC
999 _c550422
_d550422